<?xml version="1.0" encoding="UTF-8"?>
<collection xmlns="http://www.loc.gov/MARC21/slim">
 <record>
  <leader>01518nam a2200385 i 4500</leader>
  <controlfield tag="001">elibro.ELB246276</controlfield>
  <controlfield tag="003">FINmELB</controlfield>
  <controlfield tag="005">20231220122923.0</controlfield>
  <controlfield tag="006">m     o  u        </controlfield>
  <controlfield tag="007">cr cn|||||||||</controlfield>
  <controlfield tag="008">231220s2023    sp      ob    000 0 spa d</controlfield>
  <datafield tag="020" ind1=" " ind2=" ">
   <subfield code="z">9788400111755</subfield>
  </datafield>
  <datafield tag="020" ind1=" " ind2=" ">
   <subfield code="a">9788400111762</subfield>
   <subfield code="q">(e-book)</subfield>
  </datafield>
  <datafield tag="035" ind1=" " ind2=" ">
   <subfield code="a">(OCoLC)1415858523</subfield>
  </datafield>
  <datafield tag="040" ind1=" " ind2=" ">
   <subfield code="a">FINmELB</subfield>
   <subfield code="b">spa</subfield>
   <subfield code="e">rda</subfield>
   <subfield code="c">FINmELB</subfield>
  </datafield>
  <datafield tag="050" ind1="1" ind2="4">
   <subfield code="a">DP302.G15</subfield>
   <subfield code="b">D812 2023</subfield>
  </datafield>
  <datafield tag="080" ind1=" " ind2=" ">
   <subfield code="a">625.711(460.11)</subfield>
  </datafield>
  <datafield tag="082" ind1="0" ind2="4">
   <subfield code="a">625.70946011</subfield>
   <subfield code="2">23</subfield>
  </datafield>
  <datafield tag="100" ind1="1" ind2=" ">
   <subfield code="a">Dua Ramila, Diana,</subfield>
   <subfield code="e">autor.</subfield>
  </datafield>
  <datafield tag="245" ind1="1" ind2="3">
   <subfield code="a">La red viaria en la Galicia de la Ilustración /</subfield>
   <subfield code="c">Diana Duo Ramila.</subfield>
  </datafield>
  <datafield tag="264" ind1=" " ind2="1">
   <subfield code="a">Madrid :</subfield>
   <subfield code="b">Editorial CSIC,</subfield>
   <subfield code="c">2023.</subfield>
  </datafield>
  <datafield tag="300" ind1=" " ind2=" ">
   <subfield code="a">1 recurso en línea (180 páginas)</subfield>
  </datafield>
  <datafield tag="336" ind1=" " ind2=" ">
   <subfield code="a">texto</subfield>
   <subfield code="b">txt</subfield>
   <subfield code="2">rdamedia/spa</subfield>
  </datafield>
  <datafield tag="337" ind1=" " ind2=" ">
   <subfield code="a">computadora</subfield>
   <subfield code="b">c</subfield>
   <subfield code="2">rdamedia/spa</subfield>
  </datafield>
  <datafield tag="338" ind1=" " ind2=" ">
   <subfield code="a">recurso en línea</subfield>
   <subfield code="b">cr</subfield>
   <subfield code="2">rdacarrier/spa</subfield>
  </datafield>
  <datafield tag="490" ind1="1" ind2=" ">
   <subfield code="a">Monografías de cuadernos de estudios gallegos ;</subfield>
   <subfield code="v">19</subfield>
  </datafield>
  <datafield tag="504" ind1=" " ind2=" ">
   <subfield code="a">Contiene bibliografía.</subfield>
  </datafield>
  <datafield tag="588" ind1=" " ind2=" ">
   <subfield code="a">Descripción basada en metadatos suministrados por el editor y otras fuentes.</subfield>
  </datafield>
  <datafield tag="590" ind1=" " ind2=" ">
   <subfield code="a">Recurso electrónico. Santa Fe, Arg.: elibro, 2023. Disponible vía World Wide Web. El acceso puede estar limitado para las bibliotecas afiliadas a elibro.</subfield>
  </datafield>
  <datafield tag="650" ind1=" " ind2="4">
   <subfield code="a">Carreteras</subfield>
   <subfield code="z">Galicia</subfield>
   <subfield code="x">Historia.</subfield>
  </datafield>
  <datafield tag="650" ind1=" " ind2="4">
   <subfield code="a">Infraestructuras del transporte</subfield>
   <subfield code="x">España</subfield>
   <subfield code="z">Galicia.</subfield>
  </datafield>
  <datafield tag="655" ind1=" " ind2="4">
   <subfield code="a">Libros electrónicos.</subfield>
  </datafield>
  <datafield tag="797" ind1="2" ind2=" ">
   <subfield code="a">elibro, Corp.</subfield>
  </datafield>
  <datafield tag="830" ind1=" " ind2="0">
   <subfield code="a">Monografías de cuadernos de estudios gallegos ;</subfield>
   <subfield code="v">19.</subfield>
  </datafield>
  <datafield tag="856" ind1="4" ind2="0">
   <subfield code="u">https://elibro.net/ereader/unsbiblio/246276</subfield>
  </datafield>
 </record>
</collection>
